La notte : 30 anni di storia, 1966-1996 /

Guardat en:
Dades bibliogràfiques
Autor principal: Fanfani, Tiziano (Autor)
Altres autors: Tenti, Gianluca
Format: Llibre
Idioma:italià
Publicat: Firenze : Loggia de' Lanzi, 1996
Etiquetes: Afegir etiqueta
Sense etiquetes, Sigues el primer a etiquetar aquest registre!

MARC

LEADER 00000nam a22000007i 4500
001 IT\ICCU\UBO\0350044
003 ItRI
005 20260115231938.0
008 991011s1996 it |||||| ||||| |||||c
020 |a 8881050749 
040 |b ita  |c importazione bologna sebina 
041 7 |a ita  |2 ISO-639-2 
100 1 |a Fanfani, Tiziano  |0 IT\ICCU\UBOV\134736  |4 aut 
245 1 3 |a La notte :  |b 30 anni di storia, 1966-1996 /  |c Tiziano Fanfani ; interviste a cura di Gianluca Tenti. 
260 |a Firenze :  |b Loggia de' Lanzi,  |c 1996 
300 |a 163 p. :  |b ill. ;  |c 22x25 cm. 
700 1 |a Tenti, Gianluca  |0 IT\ICCU\CFIV\162480 
942 |2 ddc  |c BK  |n 0 
952 |0 0  |1 0  |4 0  |6 DOC_793_330000000000000_FAN  |7 0  |9 17458  |a BO  |b BO  |d 2026-01-15  |i 6607  |l 0  |o DOC 793.33 FAN  |p BO6607  |r 2026-01-15 23:19:38  |w 2026-01-15  |x [Sebina 5] [1 v.]  |y BK  |z 1 v. 
999 |c 14892  |d 14892